Statistiche per Autostrada A56 - Tangenziale di Napoli

Clicka qui per fare il quiz!

Statistiche generali

  • Questo quiz è stato fatto 61 volte
    (38 dall'ultimo reset)
  • Il punteggio medio è 9 su 18

Statistiche sulle risposte

Risposta% Corretto
10Fuorigrotta
88%
12Via Campana - Pozzuoli
85%
6Arenella
82%
2Capodichino - Secondigliano
82%
9Vomero
82%
4Corso Malta - Centro Direzionale
73%
11Agnano
67%
5Capodimonte
61%
7Zona Ospedaliera
61%
8Camaldoli
52%
3Doganella
52%
13Cuma
45%
1Aeroporto Internazionale di Capodichino
36%
14Arco Felice
30%
A.S.Doganella Ovest
12%
A.S.Agnano Ovest
9%
A.S.Scudillo Ovest
9%
A.S.Campana Ovest
6%

Distribuzione punteggi

Percentile per numero di risposta

Percentuale di utenti per punteggio

I tuoi punteggi nel tempo

Non hai fatto questo quiz dall'ultimo reset